[Event "Summer Chess Classic-C 2019"]
[Site "Saint Louis"]
[Date "2019.06.24"]
[Round "6.3"]
[White "Moradiabadi, Elshan"]
[Black "Neiksans, Arturs"]
[Result "0-1"]
[WhiteElo "2548"]
[BlackElo "2566"]
[Annotator "ChessBase"]
[PlyCount "92"]
[EventDate "2019.06.18"]
[EventType "tourn"]
[EventCountry "USA"]
[SourceTitle "playchess.com"]
[Source "ChessBase"]
[SourceQuality "1"]
[TimeControl "40/5400+30:1800+30"]

1. d4 {[%emt 0:00:52]} Nf6 {[%emt 0:00:00]} 2. c4 {[%emt 0:00:05]} e6 {[%emt 0:00:00]} 3. Nf3 {[%emt 0:00:05]} b6 {[%emt 0:00:00]} 4. g3 {[%emt 0:00:01]} Bb7 {[%emt 0:00:22]} 5. Bg2 {[%emt 0:00:04]} Bb4+ {[%emt 0:00:58]} 6. Bd2 {[%emt 0:00:09]} Be7 {[%emt 0:00:06]} 7. O-O {[%emt 0:00:14]} O-O {[%emt 0:00:07]} 8. Nc3 {[%emt 0:01:58]} Na6 {[%emt 0:00:13]} 9. Re1 {[%emt 0:17:31]} c5 {[%emt 0:25:28]} 10. e4 {[%emt 0:00:54]} cxd4 {[%emt 0:03:34]} 11. Nxd4 {[%emt 0:00:02]} Nc5 {[%emt 0:01:37]} 12. Qe2 {[%emt 0:05:01]} Qc8 {[%emt 0:07:57]} 13. b4 {[%emt 0:04:39]} Na6 {[%emt 0:00:43]} 14. a3 {[%emt 0:00:01]} d6 {[%emt 0:00:37]} 15. Rac1 {[%emt 0:02:28]} Nb8 {[%emt 0:00:31]} 16. f4 {[%emt 0:09:42]} Nbd7 {[%emt 0:03:38]} 17. e5 {[%emt 0:08:15]} dxe5 {[%emt 0:08:57]} 18. fxe5 {[%emt 0:00:04]} Ne8 {[%emt 0:00:08]} 19. Bxb7 {[%emt 0:05:19]} Qxb7 {[%emt 0:00:06]} 20. Qg2 {[%emt 0:00:09]} Qxg2+ {[%emt 0:01:12]} 21. Kxg2 {[%emt 0:00:00]} Nc7 {[%emt 0:03:51]} 22. Nc6 {[%emt 0:00:20]} Rfe8 {[%emt 0:00:06]} 23. Ne4 {[%emt 0:03:24]} Nb8 {[%emt 0:04:19]} 24. Nxe7+ {[%emt 0:07:47]} Rxe7 {[%emt 0:00:18]} 25. b5 {[%emt 0:06:36]} Ne8 {[%emt 0:10:13]} 26. Bb4 {[%emt 0:09:08]} Rb7 {[%emt 0:01:28]} 27. a4 {[%emt 0:02:25]} Nd7 {[%emt 0:01:15]} 28. c5 {[%emt 0:00:05]} bxc5 {[%emt 0:05:25]} 29. Nxc5 {[%emt 0:00:02]} Nxc5 {[%emt 0:05:53]} 30. Bxc5 {[%emt 0:00:05]} Nc7 {[%emt 0:01:34]} 31. Bd6 {[%emt 0:00:01]} Nd5 {[%emt 0:00:13]} 32. Rc6 {[%emt 0:00:02]} h5 {[%emt 0:02:31]} 33. Rec1 {[%emt 0:01:03]} Kh7 {[%emt 0:00:39]} 34. Rc8 {[%emt 0:03:54]} Rxc8 {[%emt 0:00:07]} 35. Rxc8 {[%emt 0:00:02]} f6 {[%emt 0:03:39]} 36. Rb8 {[%emt 0:03:50]} Rd7 {[%emt 0:00:23]} 37. a5 {[%emt 0:01:54]} fxe5 {[%emt 0:00:06]} 38. Bxe5 {[%emt 0:05:29]} Ne3+ {[%emt 0:00:22]} 39. Kh3 {[%emt 0:03:23]} g5 {[%emt 0:07:32]} 40. b6 {[%emt 0:00:00]} axb6 {[%emt 0:00:00]} 41. axb6 {[%emt 0:08:24]} Kg6 {[%emt 0:11:37]} 42. g4 {[%emt 0:01:08]} hxg4+ {[%emt 0:01:34]} 43. Kg3 {[%emt 0:00:01]} Rd2 {[%emt 0:00:22]} 44. Rg8+ {[%emt 0:02:57]} Kf5 {[%emt 0:00:06]} 45. Rxg5+ {[%emt 0:00:03]} Kxg5 {[%emt 0:00:06]} 46. Bf4+ {[%emt 0:00:01]} Kf5 {[%emt 0:00:59]} 0-1

[Event "Summer Chess Classic-C 2019"]
[Site "Saint Louis"]
[Date "2019.06.25"]
[Round "7.1"]
[White "Moradiabadi, Elshan"]
[Black "Chirila, Ioan-Cristian"]
[Result "1/2-1/2"]
[WhiteElo "2548"]
[BlackElo "2561"]
[Annotator "RC"]
[PlyCount "69"]
[EventDate "2019.06.18"]
[EventType "tourn"]
[EventCountry "USA"]
[SourceTitle "playchess.com"]
[Source "ChessBase"]
[SourceQuality "1"]
[TimeControl "40/5400+30:1800+30"]

1. e4 {[%emt 0:00:00]} c5 {[%emt 0:02:27]} 2. Nf3 {[%emt 0:00:00]} Nc6 {[%emt 0:00:46]} 3. d4 {[%emt 0:00:00]} cxd4 {[%emt 0:00:13]} 4. Nxd4 {[%emt 0:00:00]} Qb6 {[%emt 0:00:15]} 5. Nb3 {[%emt 0:00:00]} Nf6 {[%emt 0:00:08]} 6. Nc3 {[%emt 0:00:00]} e6 {[%emt 0:00:05]} 7. g3 {[%emt 0:00:00]} a6 {[%emt 0:02:34]} 8. Bg2 d6 {[%emt 0:01:01]} 9. O-O {[%emt 0:01:39]} Be7 {[%emt 0:10:02]} 10. a4 {[%emt 0:09:27]} Qc7 {[%emt 0:01:03]} 11. a5 {[%emt 0:04:38]} Ne5 12. Kh1 Bd7 {[%emt 0:09:06]} 13. f4 {[%emt 0:07:24]} Nc4 {[%emt 0:00:25]} 14. Qe2 e5 15. fxe5 {[%emt 0:20:50]} Nxe5 {[%emt 0:20:23]} 16. Nd4 {[%emt 0:12:37]} Bc6 17. Bg5 h6 {[%emt 0:22:46]} 18. Bf4 {[%emt 0:01:10]} g6 19. Nd5 {[%emt 0:08:56]} Nxd5 {[%emt 0:05:04]} 20. exd5 {[%emt 0:01:19]} Bd7 {[%emt 0:00:07]} 21. Rae1 {[%emt 0:03:37]} Bf6 {[%emt 0:03:57]} 22. Qd2 {[%emt 0:00:54]} Bg7 {[%emt 0:01:46]} 23. Nf3 {[%emt 0:00:12]} O-O {[%emt 0:07:43]} 24. Nxe5 {[%emt 0:00:04]} dxe5 {[%emt 0:00:08]} 25. d6 Qc5 {[%emt 0:00:33]} 26. b4 {[%emt 0:04:14]} Qb5 27. Bxh6 {[%emt 0:09:51]} Bxh6 {[%emt 0:02:01]} 28. Qxh6 {[%emt 0:00:01]} Bc6 {[%emt 0:00:06]} 29. Qd2 {[%emt 0:02:38]} Rac8 {[%emt 0:02:55]} 30. Rd1 {[%emt 0:01:58]} Rfd8 {[%emt 0:01:33]} 31. Rfe1 {[%emt 0:02:38]} Bxg2+ {[%emt 0:00:49]} 32. Kxg2 {[%emt 0:00:42]} Rc4 {[%emt 0:00:40]} 33. c3 {[%emt 0:00:59]} Qc6+ {[%emt 0:00:25]} 34. Qd5 {[%emt 0:02:37]} Rxc3 {[%emt 0:02:13]} 35. Qxc6 {[%emt 0:00:47]} 1/2-1/2

[Event "Summer Chess Classic-C 2019"]
[Site "Saint Louis"]
[Date "2019.06.25"]
[Round "7.2"]
[White "Neiksans, Arturs"]
[Black "Hakobyan, Aram"]
[Result "1/2-1/2"]
[WhiteElo "2566"]
[BlackElo "2559"]
[Annotator "TA"]
[PlyCount "52"]
[EventDate "2019.06.18"]
[EventType "tourn"]
[EventCountry "USA"]
[SourceTitle "playchess.com"]
[Source "ChessBase"]
[SourceQuality "1"]

{[%evp 20,52,19,26,17,13,16,6,15,10,10,5,7,0,13,13,8,5,6,0,0,-6,-4,-4,0,0,0,0,0,0,0,0,0,0,0]} 1. e4 e5 2. Nf3 Nc6 3. Bb5 Nf6 4. O-O Nxe4 5. Re1 Nd6 6. Nxe5 Be7 7. Bf1 Nxe5 8. Rxe5 O-O 9. d4 Bf6 10. Re1 Nf5 11. c3 d5 {C67: Ruy Lopez: Berlin Defence: 4 0-0 Nxe4} 12. Bf4 {The position is equal.} Nh4 (12... c6 13. Nd2 Nh4 14. Bd3 Bf5 15. Bxf5 Nxf5 16. Nf3 Nh4 17. Nxh4 Bxh4 18. Qg4 Bf6 19. Be5 Bxe5 20. Rxe5 {½-½ (39) Ni,H (2670)-Jakovenko,D (2732) China 2018}) 13. Bd3 (13. Na3 {with more complications.} Ng6 14. Bd2 Be6 15. g3 c6 16. h4) 13... Bf5 14. Bxf5 Nxf5 15. Nd2 Qd7 16. Nf3 Rfe8 17. Qd3 Nh4 $146 ({Predecessor:} 17... c6 18. h3 Nh4 19. Nxh4 Bxh4 20. Kf1 Rxe1+ 21. Rxe1 Re8 22. Rxe8+ {½-½ (22) Kuerten,D (2147)-Mindl,J (2269) ICCF email 2011}) 18. Nxh4 Bxh4 19. Qd2 Bf6 20. Bg5 Bxg5 21. Qxg5 c6 22. Qd2 Kf8 23. Qd3 Kg8 24. Qd2 Kf8 25. Qd3 Kg8 26. Qd2 Kf8 {Accuracy: White = 55%, Black = 48%.} 1/2-1/2

[Event "Summer Chess Classic-C 2019"]
[Site "Saint Louis"]
[Date "2019.06.25"]
[Round "7.3"]
[White "Gordievsky, Dmitry"]
[Black "Jacobson, Brandon"]
[Result "1-0"]
[WhiteElo "2592"]
[BlackElo "2486"]
[Annotator "TA"]
[PlyCount "69"]
[EventDate "2019.06.18"]
[EventType "tourn"]
[EventCountry "USA"]
[SourceTitle "playchess.com"]
[Source "ChessBase"]
[SourceQuality "1"]

{[%evp 9,69,-19,-23,-16,-16,-12,-14,-21,-18,-20,-10,-25,-23,-35,-28,-41,-27,-25,-25,-24,-14,-44,-15,-11,135,128,135,135,135,135,137,134,142,139,152,148,143,91,108,108,162,145,140,141,141,134,360,350,388,380,387,364,365,364,399,392,565,565,557,556,534,520]} 1. Nf3 d5 2. d4 Nf6 3. c4 e6 4. Bg5 dxc4 5. e3 (5. Qa4+ Nbd7 6. e4 Be7 7. Nc3 O-O 8. Bxc4 Nb6 9. Qb3 Nxc4 10. Qxc4 a6 11. O-O b5 12. Qe2 Bb7 13. Bxf6 Bxf6 14. Rfd1 {½-½ (54) Mamedyarov,S (2790)-Ding,L (2812) Shamkir 2019}) 5... b5 6. a4 {D30: Queen's Gambit Declined: Systems without Nc3} c6 7. Be2 Bb7 8. O-O {The position is equal.} a6 9. b3 cxb3 10. Qxb3 Nbd7 11. Rd1 $146 ({Predecessor:} 11. Nc3 Be7 12. e4 h6 13. Bh4 O-O 14. Rfd1 Rb8 {½-½ (14) Polak,T (2490)-Babula,V (2594) Karlovy Vary 2004}) 11... Be7 12. Ne1 O-O 13. Nd3 Qb6 {White should prevent ...c5.} 14. Nd2 c5 {[#] aiming for ...c4.} 15. axb5 Bd5 16. Qb1 c4 (16... axb5 $11 {remains equal.} 17. Rxa8 Bxa8) 17. Ne5 $16 Bd8 18. Rxa6 Rxa6 19. Nexc4 Qb7 {...Ra4 is the strong threat.} 20. bxa6 Qxa6 21. Bd3 h6 22. Bf4 Be7 23. Ne5 (23. h3 $142) 23... Qa8 24. e4 Rb8 (24... Ba2 $16 25. Qb2 Rb8) 25. Qa1 $18 Qxa1 26. Rxa1 Ra8 27. Rb1 {Strongly threatening Nxd7.} Nxe5 $2 (27... Ba2 $16) 28. dxe5 (28. Bxe5 Ra2 $16) 28... Nh5 {[#]} 29. Be3 $1 ({Weaker is} 29. exd5 Nxf4 30. Bf1 Nxd5 $11) 29... Bc6 30. Rc1 Ba4 31. Ra1 Bb4 32. g4 Rd8 (32... Bc3 $142) 33. Rxa4 {White is clearly winning.} Bxd2 34. Bxd2 Rxd3 35. Be3 {Accuracy: White = 72%, Black = 56%.} ({Not} 35. gxh5 Rxd2 36. Ra8+ Kh7 $16) 1-0

[Event "Summer Chess Classic-C 2019"]
[Site "Saint Louis"]
[Date "2019.06.26"]
[Round "8.1"]
[White "Chirila, Ioan-Cristian"]
[Black "Gordievsky, Dmitry"]
[Result "1-0"]
[WhiteElo "2561"]
[BlackElo "2592"]
[Annotator "RC"]
[PlyCount "87"]
[EventDate "2019.06.18"]
[EventType "tourn"]
[EventCountry "USA"]
[SourceTitle "playchess.com"]
[Source "ChessBase"]
[SourceQuality "1"]
[TimeControl "40/5400+30:1800+30"]

1. Nf3 {[%emt 0:02:36]} Nf6 {[%emt 0:00:21]} 2. g3 {[%emt 0:00:13]} g6 {[%emt 0:00:34]} 3. Bg2 {[%emt 0:00:07]} Bg7 {[%emt 0:00:07]} 4. O-O {[%emt 0:00:09]} O-O {[%emt 0:00:28]} 5. d4 {[%emt 0:00:13]} d6 {[%emt 0:00:19]} 6. a4 {[%emt 0:00:11]} a5 {[%emt 0:00:36]} 7. Nc3 {[%emt 0:00:14]} Nc6 {[%emt 0:03:16]} 8. Nb5 {[%emt 0:00:05]} Bd7 {[%emt 0:09:36]} 9. Re1 {[%emt 0:08:34]} e5 {[%emt 0:09:58]} 10. dxe5 {[%emt 0:10:29]} dxe5 {[%emt 0:01:32]} 11. e4 {[%emt 0:03:19]} Qc8 {[%emt 0:00:29]} 12. Qe2 {[%emt 0:02:55]} Bg4 {[%emt 0:00:58]} 13. c3 {[%emt 0:18:42]} Rd8 {[%emt 0:00:00]} 14. Qc2 {[%emt 0:01:08]} Qd7 {[%emt 0:11:08]} 15. Be3 Qe7 16. h3 {[%emt 0:06:41]} Be6 {[%emt 0:01:01]} 17. b3 {[%emt 0:06:30]} Ne8 {[%emt 0:07:00]} 18. Bf1 {[%emt 0:14:29]} f6 {[%emt 0:02:20]} 19. Nd2 {[%emt 0:01:40]} Kh8 {[%emt 0:11:54]} 20. Nc4 {[%emt 0:03:03]} f5 {[%emt 0:08:54]} 21. Bg2 {[%emt 0:02:03]} f4 {[%emt 0:11:48]} 22. gxf4 {[%emt 0:01:03]} exf4 {[%emt 0:01:51]} 23. Bxf4 {[%emt 0:00:17]} Bxc4 {[%emt 0:00:14]} 24. bxc4 {[%emt 0:00:05]} Ne5 {[%emt 0:00:11]} 25. Bg3 {[%emt 0:00:58]} Nf6 {[%emt 0:05:44]} 26. f4 {[%emt 0:05:34]} Nh5 {[%emt 0:00:25]} 27. Bh2 {[%emt 0:00:04]} Bh6 {[%emt 0:04:24]} 28. Rf1 {[%emt 0:02:59]} Nxc4 {[%emt 0:01:07]} 29. Qe2 {[%emt 0:00:45]} Nd2 {[%emt 0:00:36]} 30. Rf2 {[%emt 0:01:59]} Qc5 {[%emt 0:01:51]} 31. Kh1 {[%emt 0:00:28]} Nb3 {[%emt 0:02:09]} 32. Raf1 {[%emt 0:00:45]} Rd2 {[%emt 0:00:18]} 33. Qf3 {[%emt 0:02:22]} c6 {[%emt 0:02:52]} 34. Nc7 {[%emt 0:01:34]} Rc8 {[%emt 0:00:48]} 35. Ne6 {[%emt 0:00:14]} Qe7 {[%emt 0:01:27]} 36. f5 {[%emt 0:00:37]} Qf6 {[%emt 0:01:10]} 37. Qg4 {[%emt 0:02:27]} Rxf2 {[%emt 0:00:31]} 38. Rxf2 {[%emt 0:00:01]} Rg8 {[%emt 0:00:29]} 39. e5 {[%emt 0:01:51]} Qf7 {[%emt 0:00:19]} 40. f6 {[%emt 0:00:00]} Re8 {[%emt 0:00:00]} 41. Nd8 {[%emt 0:19:40]} Qc7 {[%emt 0:21:41]} 42. e6 {[%emt 0:02:21]} Qxd8 {[%emt 0:00:06]} 43. Be5 {[%emt 0:00:23]} Bg7 {[%emt 0:08:59]} 44. e7 {[%emt 0:02:03]} 1-0

[Event "Summer Chess Classic-C 2019"]
[Site "Saint Louis"]
[Date "2019.06.26"]
[Round "8.2"]
[White "Jacobson, Brandon"]
[Black "Neiksans, Arturs"]
[Result "1/2-1/2"]
[WhiteElo "2486"]
[BlackElo "2566"]
[Annotator "RC"]
[PlyCount "93"]
[EventDate "2019.06.18"]
[EventType "tourn"]
[EventCountry "USA"]
[SourceTitle "playchess.com"]
[Source "ChessBase"]
[SourceQuality "1"]
[TimeControl "40/5400+30:1800+30"]

1. e4 {[%emt 0:04:39]} c5 {[%emt 0:00:00]} 2. Nf3 {[%emt 0:00:05]} e6 {[%emt 0:00:06]} 3. d4 {[%emt 0:00:05]} cxd4 {[%emt 0:00:05]} 4. Nxd4 {[%emt 0:00:04]} Nc6 {[%emt 0:00:47]} 5. Nc3 {[%emt 0:00:06]} Qc7 {[%emt 0:00:08]} 6. Be2 {[%emt 0:00:30]} a6 {[%emt 0:04:20]} 7. O-O {[%emt 0:00:17]} Nf6 {[%emt 0:00:03]} 8. Be3 {[%emt 0:00:05]} Bb4 {[%emt 0:01:50]} 9. Nxc6 {[%emt 0:00:07]} bxc6 {[%emt 0:00:04]} 10. f4 {[%emt 0:00:03]} O-O {[%emt 0:08:35]} 11. e5 {[%emt 0:00:22]} Nd5 {[%emt 0:00:18]} 12. Nxd5 {[%emt 0:00:06]} cxd5 {[%emt 0:00:21]} 13. c3 {[%emt 0:00:05]} Bc5 {[%emt 0:02:35]} 14. Bxc5 {[%emt 0:10:23]} Qxc5+ {[%emt 0:00:24]} 15. Qd4 {[%emt 0:00:04]} d6 {[%emt 0:02:54]} 16. exd6 {[%emt 0:07:13]} Qxd6 {[%emt 0:10:24]} 17. c4 {[%emt 0:00:41]} a5 {[%emt 0:00:04]} 18. cxd5 {[%emt 0:19:50]} Bb7 {[%emt 0:03:10]} 19. Bf3 {[%emt 0:00:06]} Bxd5 {[%emt 0:03:28]} 20. Bxd5 {[%emt 0:04:27]} Qxd5 {[%emt 0:03:06]} 21. Qxd5 {[%emt 0:00:07]} exd5 {[%emt 0:00:04]} 22. Rad1 {[%emt 0:02:44]} Rfb8 {[%emt 0:02:04]} 23. Rf2 {[%emt 0:10:36]} Rb5 {[%emt 0:01:36]} 24. Rd4 {[%emt 0:00:04]} g6 {[%emt 0:07:22]} 25. Rfd2 {[%emt 0:05:53]} Rd8 {[%emt 0:00:58]} 26. Kf2 {[%emt 0:06:53]} Rc5 {[%emt 0:07:23]} 27. Ke2 {[%emt 0:04:20]} Kf8 {[%emt 0:03:06]} 28. Kd3 {[%emt 0:03:39]} Ke7 {[%emt 0:01:14]} 29. Re2+ {[%emt 0:04:04]} Kf6 {[%emt 0:08:25]} 30. g4 {[%emt 0:02:57]} h6 {[%emt 0:02:22]} 31. h4 {[%emt 0:02:05]} Rc1 {[%emt 0:01:47]} 32. g5+ {[%emt 0:04:45]} Kg7 {[%emt 0:00:11]} 33. Ra4 {[%emt 0:03:17]} Rd1+ {[%emt 0:05:12]} 34. Rd2 {[%emt 0:02:14]} Rh1 {[%emt 0:06:11]} 35. gxh6+ {[%emt 0:00:46]} Kxh6 {[%emt 0:00:09]} 36. Rxa5 {[%emt 0:00:03]} Rxh4 {[%emt 0:00:24]} 37. Rf2 {[%emt 0:00:46]} d4 {[%emt 0:01:30]} 38. Kc4 {[%emt 0:03:53]} Rh1 {[%emt 0:09:54]} 39. Rd2 {[%emt 0:00:01]} Rc1+ {[%emt 0:00:09]} 40. Kd3 {[%emt 0:00:00]} Rf1 {[%emt 0:00:00]} 41. f5 {[%emt 0:05:52]} g5 {[%emt 0:13:30]} 42. Rh2+ {[%emt 0:09:30]} Kg7 {[%emt 0:04:47]} 43. Rg2 {[%emt 0:00:08]} f6 {[%emt 0:02:00]} 44. Ra7+ {[%emt 0:04:28]} Kg8 {[%emt 0:00:11]} 45. Rh2 {[%emt 0:00:04]} Rf3+ {[%emt 0:03:33]} 46. Kc4 {[%emt 0:01:49]} Rxf5 {[%emt 0:05:07]} 47. Rhh7 {[%emt 0:00:08]} 1/2-1/2

[Event "Summer Chess Classic-C 2019"]
[Site "Saint Louis"]
[Date "2019.06.26"]
[Round "8.3"]
[White "Hakobyan, Aram"]
[Black "Moradiabadi, Elshan"]
[Result "1/2-1/2"]
[WhiteElo "2559"]
[BlackElo "2548"]
[Annotator "TA"]
[PlyCount "63"]
[EventDate "2019.06.18"]
[EventType "tourn"]
[EventCountry "USA"]
[SourceTitle "playchess.com"]
[Source "ChessBase"]
[SourceQuality "1"]

{[%evp 10,63,15,5,31,12,22,15,15,15,15,15,20,14,17,0,17,0,34,33,52,-15,60,46,70,51,60,52,59,58,129,128,129,130,130,130,130,132,143,137,152,142,150,150,129,124,119,112,120,11,11,26,11,0,59,8]} 1. c4 e6 2. Nc3 d5 3. d4 Bb4 4. e3 Nf6 5. a3 Bxc3+ 6. bxc3 c6 {E40: Nimzo-Indian: Rubinstein (4 e3): Unusual Black 4th moves} (6... c5 7. Nf3 O-O 8. Be2 dxc4 9. Bxc4 Qc7 10. Be2 b6 11. O-O Bb7 12. Bb2 Nbd7 13. h3 Rfd8 14. a4 Rac8 15. a5 h6 16. axb6 axb6 17. Ra7 Ra8 18. Rxa8 Rxa8 19. c4 Rc8 20. Qb3 Qc6 {½-½ (51) Nepomniachtchi,I (2768)-Inarkiev,E (2690) Satka 2018}) 7. Bd3 b6 8. Ne2 Ba6 {The position is equal.} 9. cxd5 Bxd3 10. Qxd3 {With the idea dxe6.} cxd5 11. f3 $146 ({Predecessor:} 11. c4 O-O 12. O-O Nc6 13. Bd2 dxc4 14. Qxc4 {½-½ (32) Mkrtchian,L (2469)-Nemcova,K (2276) Porto Carras 2011}) 11... Qc8 12. e4 Qa6 13. Qc2 O-O 14. Bg5 Nfd7 15. O-O (15. exd5 $14 exd5 16. O-O) 15... Nc6 (15... Qc4 $11) 16. exd5 $14 exd5 17. Nf4 $36 {[%mdl 2048] White is more active.} f6 18. Bh4 $1 g5 19. Qf5 {[%mdl 64] Double Attack} Qc8 (19... Rf7 $1 $14) 20. Qxd5+ $16 Kh8 {[#]} 21. Rae1 $1 {[%cal Ba1e1,Be1e6,Be6c6][%mdl 32]} ({Don't play} 21. Ne6 $6 Ne7 $11) 21... gxh4 ({Don't blunder} 21... gxf4 $2 22. Re6 $18) 22. Re6 Nce5 23. dxe5 fxe5 24. Rc6 Qb7 25. Ne6 Rac8 26. Nxf8 {aiming for Rxc8.} Nf6 27. Ng6+ {[%mdl 64] [#] Double Attack} Kg7 28. Qxe5 Qxc6 29. Nf4 (29. Nxh4 $16 {Strongly threatening Nf5+.} Qc5+ 30. Qd4) 29... Qxc3 $11 30. Qe7+ Kh8 {...Qd4+ is the strong threat.} 31. Kh1 Rg8 (31... Re8 $11 32. Qb4 Qxb4 33. axb4 a5) 32. h3 {Accuracy: White = 60%, Black = 51%.} ({Better is} 32. Nh3 $14) 1/2-1/2

[Event "Summer Chess Classic-C 2019"]
[Site "Saint Louis"]
[Date "2019.06.27"]
[Round "9.1"]
[White "Hakobyan, Aram"]
[Black "Chirila, Ioan-Cristian"]
[Result "1-0"]
[WhiteElo "2559"]
[BlackElo "2561"]
[Annotator "TA"]
[PlyCount "77"]
[EventDate "2019.06.18"]
[EventType "tourn"]
[EventCountry "USA"]
[SourceTitle "playchess.com"]
[Source "ChessBase"]
[SourceQuality "1"]

{[%evp 22,77,44,47,52,36,64,65,83,8,15,6,-14,-56,-41,-30,-25,-27,-33,-43,60,50,73,65,237,224,226,231,227,218,337,337,318,311,313,326,313,326,318,313,479,495,479,427,561,555,615,535,689,714,655,695,694,688,666,648,865,816]} 1. e4 c5 2. Nf3 Nc6 3. d4 cxd4 4. Nxd4 Qb6 5. Nb3 Nf6 6. Nc3 e6 7. Bd3 d6 8. O-O a6 9. Be3 Qc7 10. f4 Be7 11. Qf3 O-O 12. g4 Nd7 {B33: Sicilian: Pelikan and Sveshnikov Variations} (12... b5 13. g5 Nd7 14. Qh5 g6 15. Qh6 Re8 16. Rf3 Bf8 17. Qh4 Qd8 18. Raf1 Bb7 19. Rh3 h6 20. Nd4 Nxd4 21. Bxd4 e5 22. Be3 exf4 23. Bxf4 Ne5 24. gxh6 Qxh4 25. Rxh4 {½-½ (55) Ponomariov,R (2743)-Akopian,V (2678) Moscow 2002}) 13. g5 Re8 14. e5 $146 ({Predecessor:} 14. Kh1 b5 15. Qh5 g6 16. Qh6 Bf8 17. Qh4 b4 18. Ne2 Bg7 19. Rf3 Bb7 20. Raf1 {0-1 (34) Lobanov,S (2365)-Salgado Lopez,I (2622) Wroclaw 2014}) 14... Nf8 {[#]White is slightly better.} 15. Qh5 ({Better is} 15. exd6 $1 $16 Bxd6 16. Rad1) 15... dxe5 $11 16. Rf3 g6 $1 {[%cal Rg6h5]} 17. Qh6 {Ne4 is the strong threat.} f5 {Threatens to win with ...Bd6.} 18. gxf6 $1 Bxf6 19. Ne4 Bg7 20. Qg5 Qe7 ({Black should play} 20... b6 $15) 21. Bc5 $1 $36 {[%cal Rc5e7][%mdl 2048] White has good play.} Qd8 22. Nd6 Nd4 $2 (22... Qxg5+ $14 23. fxg5 Rd8) 23. Nxd4 $18 exd4 24. Nxe8 Qxe8 25. Re1 Bd7 {[#]} (25... b6 {was called for.}) 26. f5 $1 {[%mdl 512]} gxf5 {[#]} (26... exf5 27. Rxe8) 27. Bxf5 $1 {[%mdl 512] And now Bxf8 would win.} Ng6 (27... exf5 28. Rxe8) 28. Qg4 exf5 29. Rxe8+ Rxe8 30. Qg5 f4 (30... Kh8 $142 31. Rh3 f4) 31. Qd5+ {[%mdl 64] Double Attack. White is clearly winning.} Be6 32. Qxb7 Bg4 33. Rf1 Rd8 34. Bb6 Rd7 35. Qb8+ Bf8 36. Bc5 Rf7 37. Bxf8 Rxf8 38. Qd6 f3 39. h3 {Accuracy: White = 83%, Black = 27%.} 1-0

[Event "Summer Chess Classic-C 2019"]
[Site "Saint Louis"]
[Date "2019.06.27"]
[Round "9.2"]
[White "Moradiabadi, Elshan"]
[Black "Jacobson, Brandon"]
[Result "1/2-1/2"]
[WhiteElo "2548"]
[BlackElo "2486"]
[Annotator "TA"]
[PlyCount "114"]
[EventDate "2019.06.18"]
[EventType "tourn"]
[EventCountry "USA"]
[SourceTitle "playchess.com"]
[Source "ChessBase"]
[SourceQuality "1"]

{[%evp 25,114,29,50,37,44,0,0,-17,-15,-9,-15,-17,-13,-23,0,-17,0,-21,-15,-31,-27,-23,0,-27,0,0,0,0,0,0,0,0,0,0,0,0,0,0,0,0,0,0,0,0,0,-77,-77,-77,-39,-39,-8,-8,-8,-8,-8,-8,-8,-8,-8,-8,-8,-8,-8,-8,-8,-8,-8,-8,0,-8,-8,-8,-8,-8,-8,-61,-61,-61,-61,-61,-61,-61,-61,-61,-61,-77,-58,-65,-8,-8,-8]} 1. d4 f5 2. g3 Nf6 3. Bg2 g6 4. Nf3 Bg7 5. O-O O-O 6. c4 d6 7. Nc3 Nc6 8. d5 Ne5 9. Nxe5 dxe5 10. c5 Kh8 11. Qb3 h6 12. Rd1 g5 13. Bd2 e4 14. Rac1 {A89: Dutch Defence: Leningrad System: 5 Nf3 0-0 6 0-0 d6 7 Nc3 Nc6} Qe8 (14... a6 15. Be1 Qe8 16. d6 c6 17. dxe7 Qxe7 18. Rd6 Ne8 19. Rcd1 Nxd6 20. cxd6 Qf7 21. Qxf7 Rxf7 {0-1 (34) Demuth,A (2535)-Rapport,R (2721) Caleta 2016}) 15. Be3 c6 $146 ({Predecessor:} 15... f4 16. gxf4 Qh5 17. Nxe4 Nxe4 18. Bxe4 gxf4 19. Bd4 Bxd4 20. Rxd4 f3 21. Kh1 fxe2 {0-1 (67) Li,Z (2395)-Escalante Ramirez,B (2446) Burlingame 2019}) 16. Bd4 e5 17. dxe6 $1 Qe7 18. Qc2 Bxe6 19. b4 Rad8 20. Be5 Qf7 21. Rxd8 Rxd8 22. Rd1 Rxd1+ 23. Qxd1 Nd5 24. Qd4 Nxc3 25. Qxc3 Bxa2 26. g4 {With the idea gxf5.} Be6 27. gxf5 Bxf5 28. Qd4 Qe7 29. Bxg7+ Qxg7 30. Qd6 Kh7 31. h3 h5 32. e3 h4 33. Kh2 Bg6 34. Qe6 Qf7 35. Qxf7+ (35. Qe5 $11 {keeps the balance.}) 35... Bxf7 $17 36. Bxe4+ $11 {[%mdl 4096] Endgame KB-KB} Kg7 37. f4 gxf4 38. exf4 Kf6 39. Kg2 Be8 40. Kf2 Bd7 41. Bg2 b6 42. cxb6 axb6 43. Ke3 c5 44. bxc5 bxc5 45. Bf1 $1 Bc6 46. Be2 $1 Bd7 (46... Bg2 $5 47. Bg4 $8 Bc6 $11) 47. Bf1 $1 Bf5 48. Bg2 Ke6 49. Kd2 c4 50. Bf1 (50. Bb7 $1 $11) 50... Kd5 $15 {[#] Strongly threatening ...Kd4.} 51. Kc3 Ke4 52. Bxc4 Bxh3 53. Kd2 $1 Kxf4 54. Ke1 Kg3 55. Bd5 Bg4 {[#] ( -> ...h3)} 56. Kf1 h3 (56... Kh2 $15 57. Kf2 Bc8) 57. Kg1 $11 h2+ {Accuracy: White = 78%, Black = 56%.} 1/2-1/2